ნორმალური ფორმატი
MARC ფორმატი
ჩანაწერი Personal Name
ჩანაწერთა რაოდენობა, რომელიც გამოყენებულია: 4
001 - CONTROL NUMBER
- control field: 2936
003 - CONTROL NUMBER IDENTIFIER
- control field: GE_BSU
005 - DATE AND TIME OF LATEST TRANSACTION
- control field: 20190625211953.0
008 - FIXED-LENGTH DATA ELEMENTS
- fixed length control field: 190625|| aca||aabn | a|a d
040 ## - CATALOGING SOURCE
- Original cataloging agency: GE_BSU
- Transcribing agency: GE_BSU
100 ## - HEADING--PERSONAL NAME
- Personal name: ნაკაშიძე, მალხაზ
- Relator term: რედაქტორი
670 ## - SOURCE DATA FOUND
- Source citation: Work cat.: (GE_BSU)37680: საერთაშორისო სტუდენტური ოლიმპიადა ეროვნულ და შედარებით კონსტიტუციურ სამართალში (1, 2011, ბათუმი) საერთაშორისო სტუდენტური ოლიმპიადა ეროვნულ და შედარებით კონსტიტუციურ სამართალში = International student's olympiad in national and comparative constitutional law = Международная студенческая олимпиада по национальному и сравнительному конституционному праву :
